MARC

LEADER 00000nam0a2200000 4500
001 59702
005 20231031060412.0
035 |a (RuTPU)RU\TPU\book\63158 
090 |a 59702 
100 |a 20040126d1981 km y0rusy50 ca 
101 0 |a rus 
102 |a RU 
105 |a a z 001zy 
200 1 |a Конструирование и эксплуатация вибрационных станков для обработки деталей  |f А. П. Бабичев, Л. К. Зеленцов, Ю. М. Самодумский 
210 |a Ростов  |c Изд-во Ростовского ун-та  |d 1981 
215 |a 160 с.  |c ил. 
320 |a Библиогр.: с. 153-155. 
610 1 |a станки 
610 1 |a вибрационные станки 
610 1 |a конструирование 
610 1 |a эксплуатация 
610 1 |a детали 
610 1 |a обработка 
610 1 |a приспособления 
610 1 |a классификация 
610 1 |a методики расчета 
610 1 |a автоматизация 
610 1 |a модели 
610 1 |a разработка 
610 1 |a шлифование 
610 1 |a совершенствование 
610 1 |a полирование 
610 1 |a упрочнение 
610 1 |a детали машин 
610 1 |a приборы 
610 1 |a оборудование 
610 1 |a приспособления 
675 |a 621.9.06.04  |v 3 
700 1 |a Бабичев  |b А. П.  |g Анатолий Прокопьевич 
701 1 |a Зеленцов  |b Л. К.  |g Леонид Константинович 
701 1 |a Самодумский  |b Ю. М.  |g Юрий Михайлович 
702 1 |a Колев  |b Н. С.  |4 340 
712 0 2 |a Северо-Кавказский научный центр Высшей школы  |2 stltpush  |3 (RuTPU)RU\TPU\col\4383 
801 1 |a RU  |b 63413507  |c 20040126  |g PSBO 
801 2 |a RU  |b 63413507  |c 20160324  |g PSBO 
942 |c BK